Lake Highland

Aryan Pathak, Kyan van Beek, Paul Samuel, Peter Samuel


Current Events - U.S.210.00100%0%0%
Current Events - World120.00100%100%0%
Fine Arts - Architecture120.00100%100%0%
Fine Arts - Film110.00100%0%0%
Fine Arts - Miscellaneous310.00100%0%0%
Fine Arts - Music613.33100%33%0%
Fine Arts - Opera10.000%0%0%
Fine Arts - Painting68.3367%0%17%
Geography - Europe120.00100%100%0%
Geography - World110.00100%0%0%
History - American714.2986%57%0%
History - Cross, Historiography, and Miscellaneous611.67100%17%0%
History - European510.0080%20%0%
History - World1015.0080%60%10%
Literature - American415.00100%50%0%
Literature - British911.1189%11%11%
Literature - European715.71100%43%14%
Literature - World and Miscellaneous811.2588%13%13%
Other - Other Academic and General Knowledge412.5075%25%25%
RMP - East Asian Religion110.00100%0%0%
RMP - Greco-Roman Mythology110.00100%0%0%
RMP - Islam110.00100%0%0%
RMP - New Testament210.00100%0%0%
RMP - Other Religion25.0050%0%0%
RMP - Philosophy510.00100%0%0%
RMP - World Mythology512.00100%20%0%
Science - Astronomy220.00100%100%0%
Science - Biology816.2588%38%38%
Science - Chemistry613.33100%33%0%
Science - Computer Science120.00100%100%0%
Science - Earth310.00100%0%0%
Science - Engineering and Miscellaneous25.0050%0%0%
Science - Math47.5075%0%0%
Science - Physics615.00100%33%17%
Social Science - Anthropology110.00100%0%0%
Social Science - Economics110.00100%0%0%
Social Science - Linguistics110.00100%0%0%
Social Science - Psychology210.00100%0%0%